Three Cities, One Country, No Capitals #3 - Statistics

General Stats
  • This quiz has been taken 92 times
  • The average score is 10 of 15
Answer Stats
Cities Countries % Correct
Saint Petersburg, Novosibirsk, Yekaterinburg Russia
100%
Guantanamo, Santiago de Cuba, Camaguey Cuba
99%
Mumbai, Kolkata, Chennai India
99%
Tel Aviv, Haifa, Rishon LeZion Israel
96%
Gothenburg, Malmö, Uppsala Sweden
96%
Lagos, Kano, Ibadan Nigeria
95%
Medellin, Cali, Cartagena Colombia
88%
Spanish Town, Portmore, Montego Bay Jamaica
60%
Plovdiv, Varna, Burgas Bulgaria
58%
Gomel, Mahilyow, Vitebsk Belarus
46%
Al Ahmadi, Hawalli, Al Farwaniyah Kuwait
36%
Kumasi, Tamale, Takoradi Ghana
27%
Soyapango, Santa Ana, San Miguel El Salvador
22%
Beira, Nampula, Tete Mozambique
21%
N'dalatando, Huambo, Lobito Angola
20%
No matching quizzes found
Score Distribution
Percent of People with Each Score
Percentile by Number Answered
Your Score History
You have not taken this quiz